مكتبة جامعة عجلون الوطنية

فهرس بحث المكتبة

Normal view MARC view
  • الاختصاص القضائي

Entry Topical Term

Number of records used in: 1

001 - CONTROL NUMBER

  • control field: 59840

003 - CONTROL NUMBER IDENTIFIER

  • control field: JO-AjAnu

005 - DATE AND TIME OF LATEST TRANSACTION

  • control field: 20230606083801.0

008 - FIXED-LENGTH DATA ELEMENTS

  • fixed length control field: 230606|| aca||aabn | a|a d

040 ## - CATALOGING SOURCE

  • Original cataloging agency: JO-AjAnu
  • Transcribing agency: JO-AjAnu

150 ## - HEADING--TOPICAL TERM

  • Topical term or geographic name entry element: الاختصاص القضائي

670 ## - SOURCE DATA FOUND

  • Source citation: Work cat.: (JO-AjAnu)30516: اعداد: العاني، ايوب عبدالله خليل؛ اشراف: طلال ياسين العيسى, author 59839, الاساس القانوني لاختصاص القاضي الوطني بالنظر في المنازعات المشوبة بعنصر اجنبي = The legal basis of the national judge specialization for disputes tainted by a foreign element